[Event "GER-ch U25-B"]
[Site "Willingen"]
[Date "2023.06.03"]
[Round "9"]
[White "Schirmer, Sara"]
[Black "Hensen, Malte"]
[Result "1/2-1/2"]
[WhiteElo "1406"]
[BlackElo "1484"]
[PlyCount "72"]
[EventDate "2023.05.27"]
[EventType "swiss"]
[EventRounds "9"]
[EventCountry "GER"]
[SourceTitle "CBM 214 Extra"]
[Source "ChessBase"]
[SourceDate "2023.07.31"]
[SourceVersion "1"]
[SourceVersionDate "2023.07.31"]
[SourceQuality "1"]

1. e4 e5 2. Bc4 Nf6 3. d3 d5 4. exd5 Nxd5 5. Nf3 Bg4 6. Be3 Nc6 7. 0-0 Be7 8. Nbd2 0-0 9. c3 Nxe3 10. fxe3 Na5 11. b4 Nxc4 12. Nxc4 f6 13. Qb3 Kh8 14. Rad1 Be6 15. a4 a6 16. Qc2 Qe8 17. Ra1 e4 18. Nd4 exd3 19. Qxd3 Rd8 20. Na5 b6 21. Nac6 Qxc6 22. Nxc6 Rxd3 23. Nxe7 Rxc3 24. Rac1 Rxe3 25. Rxc7 Re8 26. Rfc1 Bb3 27. Nf5 Re1+ 28. Rxe1 Rxe1+ 29. Kf2 Re8 30. Nxg7 Rg8 31. Nh5 Rf8 32. a5 bxa5 33. bxa5 Bd1 34. Nf4 Ba4 35. h4 Kg8 36. h5 Rf7 1/2-1/2

[Event "GER-ch U25-B"]
[Site "Willingen"]
[Date "2023.05.31"]
[Round "6"]
[White "Goda, Maurice"]
[Black "Hensen, Malte"]
[Result "0-1"]
[WhiteElo "1453"]
[BlackElo "1484"]
[PlyCount "112"]
[EventDate "2023.05.27"]
[EventType "swiss"]
[EventRounds "9"]
[EventCountry "GER"]
[SourceTitle "CBM 214 Extra"]
[Source "ChessBase"]
[SourceDate "2023.07.31"]
[SourceVersion "1"]
[SourceVersionDate "2023.07.31"]
[SourceQuality "1"]

1. d4 d5 2. Nc3 Nf6 3. Bf4 e6 4. e3 Bb4 5. Nf3 0-0 6. Bd3 b6 7. 0-0 Bxc3 8. bxc3 Ba6 9. Ne5 Bxd3 10. Qxd3 Nbd7 11. c4 Nxe5 12. Bxe5 c6 13. f4 Nd7 14. Bd6 Re8 15. cxd5 cxd5 16. c4 Nf6 17. Bb4 Rc8 18. Rac1 Qd7 19. Rf2 Rc6 20. Rfc2 Rec8 21. c5 bxc5 22. Bxc5 R8c7 23. Bxa7 Rxc2 24. Rxc2 Rxa7 25. Qc3 Ra8 26. a4 Qxa4 27. Rc1 h6 28. h3 Ne4 29. Qb2 Qa2 30. Rc8+ Kh7 31. Qxa2 Rxa2 32. Rc7 Kg6 33. g4 Ra3 34. f5+ exf5 35. gxf5+ Kxf5 36. Rxf7+ Kg6 37. Rf3 Kg5 38. Kg2 Ra2+ 39. Kg1 Kh4 40. Kh1 Rf2 41. Rf4+ Rxf4 42. exf4 Kxh3 43. Kg1 Kg4 44. Kh2 Kxf4 45. Kh3 Ke3 46. Kh2 Kxd4 47. Kh3 Ke3 48. Kh4 d4 49. Kh3 d3 50. Kh4 d2 51. Kh3 d1Q 52. Kh2 Qe2+ 53. Kh3 Ng5+ 54. Kh4 g6 55. Kg3 Qf3+ 56. Kh4 Qf4# 0-1